000 00702nam a2200193 a 4500
001 000026454
005 20200930030231.0
008 110318s2011 sp 000 0 spa d
020 _a9788475552484
040 _aDO-SdBNP
_bspa
_cBNPHU
041 1 7 _aspa.
_heng
245 0 0 _aFerri, consultor clínico de medicina interna :
_bclaves diagnósticas y tratamiento /.
246 1 4 _aFerri consultor clínico de medicina interna:
_bclaves diagnósticas y tratamiento
260 _aEspaña :
_bOcéano,
_c2011.
300 _a1437 p. :
_bil. ;
_c26 cm.
500 _aIncluye índice
534 _atítulo original :
_bFerri's clinical advisor : instant diagnosis and treatment
710 2 _aFerri, Fred F.
_953513
999 _c25946
_d25946